| Tag |
First Indicator |
Second Indicator |
Subfields |
| LEADER |
00000cam a2200000 4500 |
| 001 |
in00000041616 |
| 005 |
20151007074639.0 |
| 008 |
781110s1953 au a b 00100 ger c |
| 010 |
|
|
|a a 53007929
|
| 035 |
|
|
|a (OCoLC)04365114
|
| 035 |
|
|
|9 AAF1868AM
|
| 040 |
|
|
|a Michigan Univ. Library
|c LDL
|d TXA
|d UtOrBLW
|
| 049 |
|
|
|a TXAM
|c [375316]
|
| 090 |
|
|
|a TJ919
|b .K655
|
| 092 |
|
|
|a 621.67
|b K81p, 1953
|
| 100 |
1 |
|
|a Koller, Friedrich.
|
| 245 |
1 |
4 |
|a Die Pumpwerksarten ;
|b Steuer- und Schaltmoglichkeiten fur elektrisch betriebene Kreiselpumpen.
|
| 264 |
|
1 |
|a Wien :
|b Springer,
|c 1953.
|
| 300 |
|
|
|a vii, 140 pages :
|b illustrations, diagrams ;
|c 23 cm.
|
| 336 |
|
|
|a text
|b txt
|2 rdacontent
|
| 337 |
|
|
|a unmediated
|b n
|2 rdamedia
|
| 338 |
|
|
|a volume
|b nc
|2 rdacarrier
|
| 504 |
|
|
|a Bibliography: page 140.
|
| 650 |
|
0 |
|a Centrifugal pumps.
|
| 999 |
|
|
|a MARS
|
| 999 |
f |
f |
|s 5d994bdf-2b12-3b7d-a94a-9cc8becbbe49
|i b692f464-2a88-3f2b-8637-d1b613dc1ef4
|t 0
|
| 952 |
f |
f |
|p ric
|a Texas A&M University
|b Rellis Campus
|c Joint Library Facility
|d Remote Storage
|t 0
|e TJ919 .K655
|h Library of Congress classification
|i unmediated -- volume
|m A14801041323
|
| 998 |
f |
f |
|a TJ919 .K655
|t 0
|l Remote Storage
|